Mossbauer Spectroscopy (Record no. 565865)

000 -LEADER
fixed length control field 00378nam a2200121Ia 4500
008 - FIXED-LENGTH DATA ELEMENTS--GENERAL INFORMATION
fixed length control field 210430s9999 xx 000 0 und d
082 ## - DEWEY DECIMAL CLASSIFICATION NUMBER
Classification number 537.5352 D5451M
100 ## - MAIN ENTRY--PERSONAL NAME
Personal name Dickson Dominic P.E,Berry Frank j.
9 (RLIN) 54947
245 ## - TITLE STATEMENT
Title Mossbauer Spectroscopy
Statement of responsibility, etc. Dickson Dominic P.E,Berry Frank j.
260 ## - PUBLICATION, DISTRIBUTION, ETC.
Place of publication, distribution, etc. London
Name of publisher, distributor, etc. cambridge university press
Date of publication, distribution, etc. 1986
300 ## - PHYSICAL DESCRIPTION
Extent 274p.
942 ## - ADDED ENTRY ELEMENTS (KOHA)
Koha item type Book
Source of classification or shelving scheme
Holdings
Withdrawn status Lost status Damaged status Not for loan Permanent Location Current Location Date acquired Total Checkouts Full call number Barcode Date last seen Price effective from Koha item type
        School of Chemical & Materials Engineering (SCME) School of Chemical & Materials Engineering (SCME) 03/17/1   537.5352 D5451M SCME- D106 04/30/2021 04/30/2021 Book
© 2023 Central Library, National University of Sciences and Technology. All Rights Reserved.